000 01493cam a2200229 4500
001 ##E135021
008 040609n2006 000 0 eng u
020 _a0755951136
035 _a(Sirsi) u135021
041 0 _aeng
050 0 4 _a711.026411 $2 18
110 1 _aScotland
_bScottish Executive
_94769
245 0 0 _aNational planning framework for Scotland
_bmonitoring report 06
260 _aEdinburgh
_bScottish Executive
_c2006
300 _a62p.
_bill.
_c30cm.
520 _aThe Scottish Executive published Scotland's first National Planning Framework in April 2004. The framework sets out a strategy to guide the spatial development of Scotland to 2025. The Executive will publish the second National Planning Framework in 2008 and this monitoring report is intended to inform the review and revision process. Drawing on the latest available data from a wide range of sources, it highlights trends and policy developments which have a bearing on Scotland's long-term spatial development. The executive summary identifies progress in relation to the 10 key elements of the spatial strategy set out in the framework. Trends and policy developments are addressed in greater detail in the sections which follow.
590 _aIKA031006 NTK
651 4 _aScotland
_y1999-
690 _aPlanning and development
_96259
856 4 0 _uhttps://www.scotland.gov.uk/Publications/2006/09/11154149/0
_zView the National Planning Framework free of charge at www.scotland.gov.uk...
942 _n0
999 _c105891
_d105891